Лица (Запись № 7218108)

Подробности
000 -МАРКЕР
контрольное поле 00646nas1a22002051i 4500
001 - ИДЕНТИФИКАТОР ЗАПИСИ
контрольное поле rc\116520
005 - ИДЕНТИФИКАТОР ВЕРСИИ
контрольное поле 20240726012329.0
035 ## - ДРУГИЕ СИСТЕМНЫЕ НОМЕРА
Идентификатор записи (NLR Aleph) 005394819
100 ## - ДАННЫЕ ОБЩЕЙ ОБРАБОТКИ
Данные общей обработки 20021216a19969999u |0rusy50 ca
101 0# - ЯЗЫК РЕСУРСА
Язык текста, звукозаписи и т.д. русский
102 ## - СТРАНА ПУБЛИКАЦИИ ИЛИ ПРОИЗВОДСТВА
Страна публикации Российская Федерация
200 1# - ЗАГЛАВИЕ И СВЕДЕНИЯ ОБ ОТВЕТСТВЕННОСТИ
Основное заглавие Лица
Первые сведения об ответственности Информ.-изд. группа "Совершенно секретно"
210 ## - ПУБЛИКАЦИЯ, РАСПРОСТРАНЕНИЕ И ДР.
Место издания, распространения и т.д. М.
Дата издания, распространения и т.д. 1996-
225 1# - СЕРИЯ
Основное заглавие серии Мы всегда знаем больше
300 ## - ОБЩИЕ ПРИМЕЧАНИЯ
Текст примечания В общ. обл. с журн. выходит журн. Московские лица
801 #0 - ИСТОЧНИК ЗАПИСИ
Страна Российская Федерация
Организация NLR
Правила каталогизации psbo
801 #1 - ИСТОЧНИК ЗАПИСИ
Страна Российская Федерация
Организация ELAR
Источник данных rusmarc
852 ## - МЕСТОНАХОЖДЕНИЕ И ШИФР ХРАНЕНИЯ
Идентификатор организации NLR
Шифр хранения (Call Number) П23/4107
942 ## - ДОПОЛНИТЕЛЬНЫЕ ЭЛЕМЕНТЫ ЗАПИСИ (АБИС)
Тип экземпляра АБИС Продолжающееся издание

Нет доступных экземпляров.